000 00411nam a2200181Ia 4500
001 9682
005 20260306161736.0
008 260306t2006||||xx |||||||||||||| ||spa||
041 _aESP
082 _a394.14
_bC28
100 _aCarnwath, Tom
_eAUT
245 0 _aEl siglo de la heroína
260 _c2006
300 _a303 páginas :
_c21cm.
650 _aGEN
654 _aCHU
942 _cLIB
_dJUS
_fJUS
_2ddc
_n
999 _c9682
_d9682